| 000 | 006260000a22001810004500 | ||
|---|---|---|---|
| 003 | MACL | ||
| 005 | 20160607125937.0 | ||
| 008 | 160607b xxu||||| |||| 00| 0 eng d | ||
| 040 |
_aMACL _cMACL |
||
| 041 | _aHindi | ||
| 082 | _a920 | ||
| 100 |
_aसौनरेक्सा, चन्द्रकिरण _957540 |
||
| 245 |
_aपिंजरे की मैना _cचन्द्रकिरण सौनरेक्सा |
||
| 260 |
_bपूर्वोदय प्रकाशन _c2008 _aदिल्ल्ी |
||
| 350 | _a425 | ||
| 650 |
_aAutobiography _962602 |
||
| 942 |
_cHIN _k920/SAU _2ddc |
||
| 999 |
_c21844 _d21844 |
||